Cơ sở lý thuyết hoá học : Phần bài tập /Lê Mậu Quyền.
Cấu tạo nguyên tử. Bảng tuần hoàn các nguyên tố hoá học. Liên kết hoá học và cấu tạo phân tử. Nhiệt hoá học. Chiều và giới hạn tự diễn biến của các quá trình. Cân bằng hoá học. Qui tắc pha Gibbs. Dung dịch. Dung dịch chất điện li. Động hoá học. Các quá trình điện hoá. Hiện tượng bề mặt - Dung dịch k...
Đã lưu trong:
| 主要作者: | |
|---|---|
| 格式: | 圖書 |
| 語言: | Vietnamese |
| 出版: |
Hà Nội :
Khoa học và kỹ thuật,
2005.
|
| 主題: | |
| 標簽: |
添加標簽
沒有標簽, 成為第一個標記此記錄!
|
| Thư viện lưu trữ: | Mạng thư viện Đại học Đà Nẵng |
|---|
| LEADER | 02317cam a2200421 a 4500 | ||
|---|---|---|---|
| 001 | 000043671 | ||
| 003 | 1702 | ||
| 005 | 20220610161419.0 | ||
| 008 | 010217b2005 vm 000 vie | ||
| 020 | |c 14000 | ||
| 040 | |a LRCC |c LRCC |d LRCC | ||
| 041 | 0 | |a vie | |
| 082 | 1 | 4 | |a 541.076 |b LÊ-Q |
| 100 | 1 | |a Lê Mậu Quyền, |c PGS. PTS. | |
| 245 | 1 | 0 | |a Cơ sở lý thuyết hoá học : |b Phần bài tập /Lê Mậu Quyền. |
| 264 | 1 | |a Hà Nội : |b Khoa học và kỹ thuật, |c 2005. | |
| 300 | |a 228 tr. ; |c 21 cm. | ||
| 520 | 3 | |a Cấu tạo nguyên tử. Bảng tuần hoàn các nguyên tố hoá học. Liên kết hoá học và cấu tạo phân tử. Nhiệt hoá học. Chiều và giới hạn tự diễn biến của các quá trình. Cân bằng hoá học. Qui tắc pha Gibbs. Dung dịch. Dung dịch chất điện li. Động hoá học. Các quá trình điện hoá. Hiện tượng bề mặt - Dung dịch keo. | |
| 526 | 0 | |a Giáo trình đại cương | |
| 630 | 0 | 4 | |a Hoá học. |
| 630 | 0 | 4 | |a Nhiệt động hoá học. |
| 630 | 0 | 4 | |a Động hoá học. |
| 630 | 0 | 4 | |a Điện hoá học. |
| 650 | 0 | 4 | |a Hoá học |x Lý thuyết. |
| 910 | |a ttqdung | ||
| OWN | |a DUT | ||
| AVA | |a UDN50 |b DUT |c Book |d 541.076 LÊ-Q |e check_holdings |t Error 5003 Not defined in file expand_doc_bib_avail. |h N |j SH |k 1 | ||
| Z40 | 3 | |y Cơ sở lý thuyết hoá học : Phần bài tập |l Library of DUT |t VIEW |x http://catalog.udn.vn:80/F?func=service&doc_library=UDN01&local_base=UDN01&doc_number=000043671&sequence=000001&line_number=0001&func_code=DB_RECORDS&service_type=MEDIA |f 3.SA.43671_000016399.pdf |e pdf |s 055483975 |k 20220610 |m TTQDUNG | |
| 999 | |a From the UDN01 | ||
| AVA | |a UDN50 |b DUT |c Book |d 541.076 LÊ-Q |e available |t Error 5001 Not defined in file expand_doc_bib_avail. |f 307 |g 4 |h N |i 33 |j SH |k 1 | ||
| TYP | |a Monograph | ||
| TYP | |a Printed language | ||
| 856 | |y Cơ sở lý thuyết hoá học : Phần bài tập |l Library of DUT |t VIEW |x http://catalog.udn.vn:80/F?func=service&doc_library=UDN01&local_base=UDN01&doc_number=000043671&sequence=000001&line_number=0001&func_code=DB_RECORDS&service_type=MEDIA |f 3.SA.43671_000016399.pdf |e pdf |s 055483975 |k 20220610 |m TTQDUNG | ||
| 980 | |a Mạng thư viện Đại học Đà Nẵng | ||